The dynamics of mass communication : media in transition / (Record no. 1221)

000 -LEADER
fixed length control field 01298cam a2200325 a 4500
001 - CONTROL NUMBER
control field 17053290
003 - CONTROL NUMBER IDENTIFIER
control field OSt
005 - DATE AND TIME OF LATEST TRANSACTION
control field 20140116120848.0
008 - FIXED-LENGTH DATA ELEMENTS--GENERAL INFORMATION
fixed length control field 111121s2013 nyua b 001 0 eng
010 ## - LIBRARY OF CONGRESS CONTROL NUMBER
LC control number 2011048516
020 ## - INTERNATIONAL STANDARD BOOK NUMBER
International Standard Book Number 9780073526195 (pbk. : alk. paper)
020 ## - INTERNATIONAL STANDARD BOOK NUMBER
International Standard Book Number 0073526193
040 ## - CATALOGING SOURCE
Original cataloging agency DLC
Transcribing agency DLC
Modifying agency DLC
042 ## - AUTHENTICATION CODE
Authentication code pcc
050 00 - LIBRARY OF CONGRESS CALL NUMBER
Classification number P90.D59 2013
082 00 - DEWEY DECIMAL CLASSIFICATION NUMBER
Classification number 302.23
Edition number 23
100 1# - MAIN ENTRY--PERSONAL NAME
Personal name Dominick, Joseph R.
245 14 - TITLE STATEMENT
Title The dynamics of mass communication : media in transition /
Statement of responsibility, etc Joseph R. Dominick.
250 ## - EDITION STATEMENT
Edition statement 12th ed.
260 ## - PUBLICATION, DISTRIBUTION, ETC. (IMPRINT)
Place of publication, distribution, etc New York :
Name of publisher, distributor, etc McGraw-Hill,
Date of publication, distribution, etc 2013.
300 ## - PHYSICAL DESCRIPTION
Extent xxi, 470 p. :
Other physical details ill. ;
Dimensions 28 cm.
504 ## - BIBLIOGRAPHY, ETC. NOTE
Bibliography, etc Includes bibliographical references and index.
650 #0 - SUBJECT ADDED ENTRY--TOPICAL TERM
Topical term or geographic name as entry element Mass media.
856 42 - ELECTRONIC LOCATION AND ACCESS
Materials specified Contributor biographical information
Uniform Resource Identifier <a href="http://www.loc.gov/catdir/enhancements/fy1312/2011048516-b.html">http://www.loc.gov/catdir/enhancements/fy1312/2011048516-b.html</a>
856 42 - ELECTRONIC LOCATION AND ACCESS
Materials specified Publisher description
Uniform Resource Identifier <a href="http://www.loc.gov/catdir/enhancements/fy1312/2011048516-d.html">http://www.loc.gov/catdir/enhancements/fy1312/2011048516-d.html</a>
856 41 - ELECTRONIC LOCATION AND ACCESS
Materials specified Table of contents only
Uniform Resource Identifier <a href="http://www.loc.gov/catdir/enhancements/fy1312/2011048516-t.html">http://www.loc.gov/catdir/enhancements/fy1312/2011048516-t.html</a>
906 ## - LOCAL DATA ELEMENT F, LDF (RLIN)
a 7
b cbc
c orignew
d 1
e ecip
f 20
g y-gencatlg
942 ## - ADDED ENTRY ELEMENTS (KOHA)
Source of classification or shelving scheme
Koha item type Book
Holdings
Withdrawn status Lost status Source of classification or shelving scheme Damaged status Not for loan Home library Current library Date acquired Total Checkouts Total Renewals Full call number Barcode Date last seen Date checked out Copy number Price effective from Koha item type Shelving location
          Riara University Library Riara University Library 10/09/2013 12 2 P90.D59 2013 4327/13 27/09/2021 21/09/2021 C.1 10/09/2013 Book  
          Riara University Library Riara University Library 10/09/2013 10   P90.D59 2013 4325/13 17/06/2019 31/05/2019 C.2 10/09/2013 Book on Shortloan Short Loan
          Riara University Library Riara University Library 10/09/2013 13 1 P90.D59 2013 4326/13 11/04/2024 09/04/2024 C.3 10/09/2013 Book  
          Riara University Library Riara University Library 16/04/2015 7   P90.D59 2013 5567/15 11/04/2018 27/02/2018 C.4 16/04/2015 Book General stack
          Riara University Library Riara University Library 16/04/2015 10   P90.D59 2013 5568/15 03/04/2018 28/03/2018 C.5 16/04/2015 Book General stack
          Riara University Library Riara University Library 16/04/2015 10 1 P90.D59 2013 5569/15 11/04/2018 26/03/2018 C.6 16/04/2015 Book General stack

Riara University Library,
P.O. Box 49940-00100,
Nairobi, Kenya.